000 00744nam a22002657a 4500
001 0074
003 DO-SdBNP
005 20180125115728.0
007 0074
008 151020b 2000 sp ||| |||| 00| 0 spa d
020 _a9788420458007
040 _aBPMSU
_bspa
_cBPMSU
082 _axxxxxx
_2xxxxxxx
092 _axxxxxxx
_bxxxxxxx
100 1 0 _aPosadas, Carmen
245 1 _aDorilda /
_cCarmen Posadas ; ilustración Ana Cañas
250 _a2a ed.
260 _aMadrid, España :
_bAlfaguara,
_c2000.
300 _a127 p. :
_bil.,
_c20 cm.
500 _aEste libro incluye una sorpresa misteriosa
700 1 _aCañas, Ana,
_eil.
942 _2ddc
_cBK
945 _aInventariado, 2018 / BT
956 _aBTAVAREZ
_b10
_d20180125
_fBPMSU
_h0038
999 _c8408
_d8408